Państwa Świata, ale w 8 minut - Statystyki

Ogólne statystyki
  • Ten quiz został rozwiązany 249 razy
  • Średni wynik to 133 z 196
Odpowiedzi na mapie
Odpowiedzi zakodowano w zielono-czerwonej skali na mapie do tego quizu, zgodnie z poniższymi procentami.
 
Statystyki odpowiedzi
Kraj % Poprawnych
Polska
94%
Rosja
94%
Stany Zjednoczone
94%
Czechy
91%
Niemcy
91%
Ukraina
91%
Litwa
90%
Białoruś
89%
Francja
89%
Hiszpania
89%
Kanada
89%
Słowacja
89%
Włochy
89%
Brazylia
88%
Chiny
88%
Dania
88%
Norwegia
88%
Szwecja
88%
Finlandia
87%
Grecja
87%
Łotwa
87%
Portugalia
87%
Austria
86%
Estonia
86%
Meksyk
86%
Słowenia
86%
Wielka Brytania
86%
Argentyna
85%
Holandia
85%
Irlandia
85%
Islandia
85%
Australia
84%
Japonia
84%
Węgry
84%
Egipt
83%
Irak
83%
Kuba
82%
Szwajcaria
82%
Turcja
82%
Belgia
81%
Chile
81%
Chorwacja
81%
Indie
81%
Iran
81%
Rumunia
80%
Serbia
80%
Urugwaj
80%
Albania
79%
Bułgaria
79%
Republika Południowej Afryki
79%
Bośnia i Hercegowina
78%
Kazachstan
78%
Cypr
77%
Czarnogóra
77%
Macedonia Północna
77%
Malta
76%
Peru
76%
Wenezuela
76%
Afganistan
75%
Dominika
75%
Indonezja
75%
Korea Północna
75%
Mołdawia
75%
Niger
75%
Nowa Zelandia
75%
Watykan
75%
Arabia Saudyjska
74%
Kolumbia
74%
Korea Południowa
74%
Kosowo
74%
Maroko
74%
Dominikana
73%
Izrael
73%
Paragwaj
73%
Algieria
72%
Madagaskar
72%
Monako
72%
Andora
71%
Ekwador
71%
Gruzja
71%
Jamajka
71%
Pakistan
71%
Tunezja
71%
Luksemburg
70%
San Marino
70%
Sudan
70%
Armenia
69%
Liechtenstein
69%
Nigeria
69%
Uzbekistan
69%
Wietnam
69%
Boliwia
68%
Mongolia
68%
Nepal
68%
Zjednoczone Emiraty Arabskie
68%
Oman
67%
Panama
67%
Tajlandia
67%
Azerbejdżan
66%
Kostaryka
66%
Malezja
66%
Syria
66%
Demokratyczna Republika Konga
65%
Etiopia
65%
Gujana
65%
Jemen
65%
Katar
65%
Turkmenistan
65%
Angola
64%
Libia
64%
Filipiny
63%
Gwatemala
63%
Liban
63%
Papua-Nowa Gwinea
63%
Salwador
63%
Somalia
63%
Czad
62%
Senegal
62%
Sri Lanka
62%
Bhutan
61%
Honduras
61%
Laos
61%
Haiti
60%
Jordania
60%
Mali
60%
Surinam
60%
Kongo
59%
Kuwejt
59%
Seszele
59%
Sudan Południowy
59%
Tajwan
59%
Zambia
59%
Zimbabwe
59%
Bahamy
58%
Erytrea
58%
Grenada
58%
Kambodża
58%
Kenia
58%
Malediwy
58%
Nikaragua
58%
Saint Lucia
58%
Tadżykistan
58%
Kamerun
57%
Mjanma
57%
Wybrzeże Kości Słoniowej
57%
Bangladesz
56%
Gwinea
56%
Saint Kitts i Nevis
56%
Saint Vincent i Grenadyny
56%
Belize
55%
Dżibuti
55%
Fidżi
55%
Ghana
55%
Kirgistan
55%
Republika Zielonego Przylądka
55%
Uganda
55%
Wyspy Marshalla
55%
Barbados
54%
Gabon
54%
Lesotho
54%
Wyspy Salomona
54%
Antigua i Barbuda
53%
Bahrajn
53%
Kiribati
53%
Rwanda
53%
Mauretania
52%
Mauritius
51%
Mikronezja
51%
Mozambik
51%
Namibia
51%
Palau
51%
Republika Środkowoafrykańska
51%
Wyspy Świętego Tomasza i Książeca
51%
Brunei
50%
Eswatini
50%
Gambia
50%
Gwinea Bissau
50%
Gwinea Równikowa
50%
Liberia
50%
Malawi
50%
Singapur
50%
Tanzania
50%
Togo
50%
Trynidad i Tobago
50%
Tuvalu
50%
Botswana
49%
Komory
49%
Samoa
49%
Vanuatu
49%
Benin
48%
Nauru
48%
Sierra Leone
47%
Tonga
47%
Timor Wschodni
46%
Burkina Faso
45%
Burundi
45%
Nie znaleziono quizów pasujących do podanych kryteriów
Rozkład punktacji
Procent ludzi z każdym wynikiem
Percentyl według liczby udzielonych odpowiedzi
Twoja historia wyników
Nie rozwiązałeś tego quizu